Online Catalogue and eLibrary

Essays in folklore theory and method (Record no. 2959)

MARC details
000 -LEADER
fixed length control field 00396nam a2200169Ia 4500
005 - DATE AND TIME OF LATEST TRANSACTION
control field 20240808025304.0
008 - FIXED-LENGTH DATA ELEMENTS--GENERAL INFORMATION
fixed length control field 240331s9999 xx 000 0 und d
020 ## - INTERNATIONAL STANDARD BOOK NUMBER
ISBN
082 ## - DDC Classification
Item Number - Author Mark DUN
Class No. 398.01
100 ## - MAIN ENTRY--PERSONAL NAME
Personal name Dundes, A
245 #0 - TITLE STATEMENT
Title Essays in folklore theory and method
260 ## - PUBLICATION, DISTRIBUTION, ETC.
Place of publication, distribution, etc. Madras
Name of publisher, distributor, etc. Cre- A
Date of publication, distribution, etc. 1990
300 ## - PHYSICAL DESCRIPTION
Extent (e.g. Volumes, Pages etc.) 247 P .,
650 ## - SUBJECT ADDED ENTRY--TOPICAL TERM
Topical term or geographic name entry element Folklore theory
650 ## - SUBJECT ADDED ENTRY--TOPICAL TERM
Topical term or geographic name entry element Culture
942 ## - Koha item type (Biblio)
Koha item type Books in Stacks (Lending)
Holdings
Lost status Damaged status Collection code Home library Current library Shelving location Date acquired Full call number Accession Number Item type
    Lending WERC Library WERC Library Social Science Cupboard 03/31/2024 398.01 DUN 589 Books in Stacks (Lending)

© WERC Library